000 01136cam a2200217 4500
001 WB3920-02
008 030529n2003 000 0 eng u
035 _a(Sirsi) u122471
245 _aBuilding airtightness deadline
260 _c2003
490 _aBRE News Release
_v28 May 2003 (1)
520 _aBRE's airtightness experts are reminding designers and contractors that, from 30 September 2003, all new commercial and public buildings with a gross floor area of 1000 m2 or more must demonstrate that they meet the new airtightness standard of 10 m3h-1m-2, following Part 2 of the Building Regulations which came into force last year. After the end of September the new regulations must be strictly complied with. Further information is available at http://projects.bre.co.uk/envdiv/airtight/index.htm . http://www.bre.co.uk/news.jsp?id=120
590 _aWB
650 _aNEW BUILDINGS
650 _aPUBLIC BUILDINGS
650 _aCOMMERCIAL BUILDINGS
650 _aBUILDING REGULATIONS 2000 APPROVED DOCUMENT L2 (2002 EDITION)
650 _aAIRTIGHTNESS
690 _aBUILT ENVIRONMENT-BUILDING STANDARDS
942 _n0
999 _c72795
_d72795